[Event "Wroclaw Anderssen Memorial op-C"]
[Site "Wroclaw"]
[Date "2023.??.??"]
[Round "1"]
[White "Hanzel, Martin"]
[Black "Labuc, Adrian"]
[Result "0-1"]
[WhiteElo "1118"]
[BlackElo "1392"]
[PlyCount "100"]
[EventDate "2023.08.06"]
[EventType "swiss"]
[EventRounds "9"]
[EventCountry "POL"]
[SourceTitle "EXT 2024"]
[Source "ChessBase"]
[SourceDate "2023.10.10"]
[SourceVersion "1"]
[SourceVersionDate "2023.10.10"]
[SourceQuality "1"]

1. e4 c5 2. Nf3 d6 3. Nc3 Nf6 4. d4 cxd4 5. Nxd4 a6 6. Bd3 e5 7. Nf3 Be7 8. Bg5 Nbd7 9. 0-0 h6 10. Bh4 b5 11. b4 Bb7 12. a4 Rc8 13. Bxf6 Nxf6 14. Ne2 Bxe4 15. axb5 Bxd3 16. cxd3 axb5 17. Ra5 Qb6 18. Qd2 Nd5 19. Rb1 0-0 20. Qa2 Nc3 21. Nxc3 Rxc3 22. Qd2 Rfc8 23. Rba1 Rc2 24. Qe3 Qc6 25. Ne1 Bg5 26. Qe4 Qxe4 27. dxe4 Rc1 28. Rxc1 Rxc1 29. Kf1 Bd2 30. Ke2 Bxe1 31. Rxb5 Rb1 32. Rb8+ Kh7 33. b5 Ba5 34. Kd3 Rb4 35. b6 Rxb6 36. Rxb6 Bxb6 37. f3 g5 38. Kc4 Bc5 39. Kd5 Kg6 40. Kc6 f5 41. Kd5 fxe4 42. Kxe4 Kf6 43. g4 Ke6 44. h3 d5+ 45. Kd3 d4 46. Ke4 Bb4 47. Kd3 Kd5 48. Kc2 Kc4 49. Kb2 Kd3 50. Kb3 Bc3 0-1